00353pam a2200145a 44500008004100000020000900041041001200050082000800062100001500070245007900085250000600164260002100170300000700191650000900198230515b1983 xxu||||| |||| 00| 0 eng d aNULL aENGLISH a630 a10260 1982 aTERMS DEFINITIONS AND CLASSIFICATION OF PLAIN BEARING PART I CONSTRUCTIONS a0 aDELHIbISIc1983 a14 aNULL